000 02947nab a22006497a 4500
003 AR-RoUNA
022 _a03282384
040 _aAR-RoUNA
_bspa
041 _aspa
_hspa
044 _aag
110 _98413
_aSecretaria de Ciencia y Técnica.
_bBoletín de la Secretaria
245 _aCiencia y Tecnica
_hNº 11
_bBoletín de la Secretaría
260 _aBuenos Aires :
_bUP,
_c1994
300 _a66 p. :
_bplantas
_bfot. byn.
_c26x 20 cm
505 _aINDICE
505 _tPANORAMA.
505 _aInauguraciòn del Complejo Astronòmico"El Leoncito" San juan. p.3
505 _aLa Universidad Lomonosov distingue al Dr.Raùl Alfonsìn. p. 5
505 _aLa Ciencia Inyita a los jóvenes. p. 7
505 _aDesignan nuevos Subsecretarios. p. 10
505 _aEl Instituto Nacional de Tecnologìa Agropecuaria.p.11
505 _tCONICET. p. 18
505 _aInstituto de Investigaciones Hidràulicas San Juan. p.18
505 _aPrograma CONICE T-PNUD de apoyo a bibliotecas. p.22
505 _aComisiones Asesoras. p. 23
505 _tCOORDINACIÒNY PLANIFICACIÒN.p.24
505 _aPasantìas otorgadas.p.24
505 _aProyectos aprobados por el sistema de regionalizaciòn en Cuyo. p. 26
505 _aNoticias del Programa de Energìa no convencional. p. 27
505 _tINFORMÀTICA. p.29
505 _aInformàtica en laadministraciòn pùblica . p. 29
505 _aCreaciòn del Centro de Investigaciones en Tecnologìa informàtica y Electrònica. p. 31
505 _aSeminarios sobre Informàtica y Desarrollo. p. 31
505 _aPublicaciones de la Subsercretarìa de Informàtica y Desarrollo. p.32
505 _tCOOPERACIÒN INTERNACIONAL. p. 36
505 _aPuesta en marcha del Centro Argentino Brasileño en Biotecnologìa. p. 36
505 _a40 años de Unesco . p. 41
505 _aEscuela Nacional de Matemàtica Aplicadas . p.44
505 _aIer. Simposio Franco- Argentino sobre Materiales. p. 45
505 _tBECAS, CURSOS Y REUNIONES CIENTÍFICAS . p. 48
505 _aCurso de postgrado en biotecnologìa vegetal. p. 52
505 _aLas condiciones de desarrollo del hábitat rural. p.54
505 _tDIVULGACIÒN CIENTÌFICA Y TECNOLÓGICA. p. 56
505 _aAlberto Cassano: Evaluaciòn de investigadores en el Conicet. p. 56
505 _aNuevas publicaciones de la SECYT. p. 62
505 _aPublicaciones recibidas. p. 64
505 _tDOCUMENTOS. p. 66
505 _aHector Ciapuscio: Conjurando a Armagedòn. Consecuencias de la guerra nuclear. p. 66
650 _aArquitectura
_911395
650 _aCiencia
_911396
773 0 _aBoletín de la Secretaría: Ciencia y Técnica
_dBuenos Aires, Aller Atucha y Asociados. 1988
_gnro.11 (dic-1986), 66.p
_x03265773
856 _uwww.secyt.unlu.edu.ar
908 _aImp
942 _2udc
_cART
945 _aMBP
_d2018-06-12
980 _81
_gMaricel Allasia
_61
_aMaricel Allasia
999 _c12460
_d12460